Aue Spielerkader 25/26 - Statistiken

Allgemein
  • Dieses Quiz wurde 19 mal gespielt
  • Das Durchschnittsergebnis liegt bei 11 aus 28
Antwortstatistiken
Rückennummer Vor-und Nachname % Korrekt
1 Martin Männel
93%
34 Marvin Stefaniak
80%
15 Marcel Bär
73%
16 Ryan Malone
67%
23 Anthony Barylla
60%
9 Ricky Bornschein
53%
25 Tristan Zobel
53%
7 Eric Weinhauer
47%
13 Erik Majetschak
47%
20 Jonah Fabisch
47%
22 Louis Lord
47%
36 Max Uhlig
47%
10 Julian-Günther Schmidt
40%
19 Julian Guttau
40%
39 Maximillian Schmid
40%
37 Paul Seidel
40%
11 Eric Uhlmann
33%
21 Maxim Burghardt
33%
8 Mika Claußen
33%
30 Moritz Seiffert
33%
24 Jannic Ehlers
27%
5 Luan Simnica
27%
6 Can Özkan
20%
27 Finn Hetzsch
13%
12 Lukas Schimkus
13%
17 Pascal Amando Fallmann
7%
38 Theo Kretschmer
7%
14 GOAT
0%
Keine übereinstimmenden Quizze gefunden
Verteilung der Resultate
Anzahl Personen mit jedem Resultat
Perzentil nach korrekt beantworteten Fragen
Ihre Resultats-Entwicklung
Sie haben dieses Quiz noch nicht gespielt